000
00293nam a22001337a 4500
008
170911b xxu||||| |||| 00| 0 eng d
020
_a
9780753459478
041
_a
eng
080
_a
52
100
_a
43
101
_a
AST
245
_a
1,000 QUESTIONS & ANSWERS
_c
KERROD, R
942
_2
udc
_c
BK
999
_c
27234
_d
27234